|
|
|
|
| LEADER |
00940nam a2200217 i 4500 |
| 003 |
GR-PaULI |
| 005 |
20231218092527.0 |
| 008 |
170725s1997 gr ||||g |||| 00| j gre d |
| 952 |
|
|
|0 0
|1 0
|2 ddc
|4 0
|6 889_334000000000000_ΛΙΔ
|7 0
|9 214309
|a LISP
|b LISP
|c DON
|d 2017-07-25
|e ΒΑΛ
|i 128368
|l 0
|o 889.334 ΛΙΔ
|p 025000246498
|r 2017-07-25 00:00:00
|t 1
|v 2017.00
|w 2017-07-25
|y BK15
|
| 999 |
|
|
|c 130223
|d 130223
|
| 020 |
|
|
|a 960210306X
|
| 040 |
|
|
|a GR-PaULI
|b gre
|c GR-PaULI
|e AACR2
|
| 082 |
0 |
4 |
|2 23
|a 889.334
|
| 100 |
1 |
|
|9 158360
|a Λιδωρίκης, Μίλτος Α.,
|d 1932-
|e συγγραφέας
|
| 245 |
1 |
0 |
|a Μετρό 2000 :
|b διηγήσεις σε πρώτο πρόσωπο /
|c Μίλτος Α. Λιδωρίκης.
|
| 260 |
|
|
|a Αθήνα :
|b Οδυσσέας,
|c 1997.
|
| 300 |
|
|
|a 121 σ. ;
|c 21 εκ.
|
| 490 |
1 |
|
|a Σειρήνες ;
|v 107
|
| 830 |
|
0 |
|a Σειρήνες (Οδυσσέας)
|v 107.
|9 163569
|
| 942 |
|
|
|2 ddc
|c BK15
|
| 998 |
|
|
|c ΛΟΤΣΑΡΗ
|d 2017-07
|